<The> wisdom of bees what the hive can teach business about leadership, efficiency and growth
Guardado en:
| Autor principal: | |
|---|---|
| Formato: | Libro |
| Lenguaje: | inglés |
| Publicado: |
London
Portfolio/Penguin
2010
|
| Materias: | |
| Etiquetas: |
Sin Etiquetas, Sea el primero en etiquetar este registro!
|
MARC
| LEADER | 00000nam a2200000 4500 | ||
|---|---|---|---|
| 001 | 0121613 | ||
| 005 | 20240312120111.9 | ||
| 020 | |a 978-0-670-91948-2 | ||
| 041 | 0 | |a eng | |
| 044 | |a GB | ||
| 245 | 1 | 0 | |a <The> wisdom of bees |b what the hive can teach business about leadership, efficiency and growth |c Michael O'Malley |
| 264 | 1 | |a London |b Portfolio/Penguin |c 2010 | |
| 300 | |a xvii, 214 s. | ||
| 610 | 2 | 0 | |a riadenie |
| 610 | 2 | 0 | |a vedenie podniku |
| 610 | 2 | 0 | |a podnikanie |
| 610 | 2 | 0 | |a vodcovstvo |
| 610 | 2 | 0 | |a efektívnosť |
| 610 | 2 | 0 | |a rozvoj podniku |
| 610 | 2 | 0 | |a práca tímová |
| 100 | 1 | |a O'Malley, Michael | |